00714 2200253 4500001002100000005001500021007000300036008004100039020002200080035002000102082001000122084001600132100002600148245006800174250000900242260003300251300003400284600001500318700002700333990002500360990002500385990002500410990002500435INLIS00000000000235020260603081234ta260603 1  a978-979-29-2162-5 a0010-0220000201 a371.1 a371.1 ARL s0 aArlinah Imam Rahardjo1 aSeparuh Apelku /cArlinah Imam Rahardjo, Editor: Risa Ambarizky aEd.1 aYogyakarta :bRainbow,c2014 avi, 90 hlm. :bilus. ;c23 cm 4aPendidikan0 aEditor: Risa Ambarizky a31.277/APBD/DPK/2019 a31.278/APBD/DPK/2019 a31.279/APBD/DPK/2019 a31.280/APBD/DPK/2019